| 000 | 00387nam a2200145Ia 4500 | ||
|---|---|---|---|
| 008 | 160319s9999 xx 000 0 und d | ||
| 245 | _aTen commandments / | ||
| 260 | _bDolby Digital | ||
| 260 | _cNA | ||
| 300 | _a1 videodisc (approximately 140 minutes) : | ||
| 300 | _bsound, color ; | ||
| 300 | _c4 3/4 inches. | ||
| 650 | _aBible films. | ||
| 650 | _aTen commandments -- Drama. | ||
| 999 |
_c292479 _d292479 |
||